| 000 | 00635nam a22001457a 4500 | ||
|---|---|---|---|
| 020 | _a0-330-41248-5 | ||
| 082 |
_a823 _bWIL/P |
||
| 100 | _aWILLIAMS LIZ | ||
| 245 | _aTHE POISON MASTER | ||
| 260 |
_aUNITED STATES _bBANTAM BOOKS |
||
| 300 | _a470 | ||
| 520 | _aTHE POISON MASTER is a science-fiction novel with fantasy elements set on a faraway planet called "Latent Emanation." It is a planet of ice and swamps and darkness, ruled over by insect-like lords who reside in the Night Palace and use corrupt and brain-washed humans called Unpriests to subjugate the human populace. | ||
| 650 |
_aENGLISH NOVEL _zUNITED STATES |
||
| 942 | _cBK | ||
| 999 |
_c3463 _d3463 |
||